Normal view
MARC view
Entry Personal Name
001 - CONTROL NUMBER
- control field: 28343
003 - CONTROL NUMBER IDENTIFIER
- control field: dpl
005 - DATE AND TIME OF LATEST TRANSACTION
- control field: 20110601112545.0
008 - FIXED-LENGTH DATA ELEMENTS
- fixed length control field: 110601|||a|||||| | ||| d
040 ## - CATALOGING SOURCE
- Original cataloging agency: dpl
- Transcribing agency: dpl
100 ## - HEADING--PERSONAL NAME
- Personal name: Bargal, Hitendra
670 ## - SOURCE DATA FOUND
- Source citation: Work cat.: (dpl): 27410 Gaur, Keshav Dev, Globalisation and economy /, 2010
670 ## - SOURCE DATA FOUND
- Source citation: Work cat.: (dpl): 27410 Gaur, Keshav Dev, Globalisation and economy /, 2010
